000 00778nam a2200265Ia 4500
003 OSt
005 20220924124223.0
006 a|||||r|||| 00| 0
007 ta
008 220923b |||||||| |||| 00| 0 urd d
020 _a9788175873773 (pbk)
020 _c105
024 _a291072
037 _b4689, 09/03/2016, Kitabi Duniya
_cTextual
040 _aARTS
_cARTS
_burd
041 _2urd
_aurd
082 _aP168, Q0
100 _aKhan Rasheed Hasan Au.
245 0 _aZaban aur qawaid.
260 _aNew Delhi
_b National Council for Urdu Language. India
_c2010
300 _a503p.
_ccm.
650 _aURDU LANGUAGE
_9154969
942 _hP168, Q0
_cTEXL
_2CC
999 _c418860
_d418860